00561nam a2200169 a 450000100060000000300090000600800410001504000280005608200190008410000540010324500660015726000420022330000100026565000270027565000400030265000490034215793CO-ViMGA141112s2004 ck r 000 u spa d aCO-ViMGAbspacCO-ViMGA04a350.7232 C656c1 aColombia : Ministerio de Justicia y del Derecho, 10aEl control interno en el Ministerio de Justicia y del Derecho aBogotá, cImprenta Nacional, c1995 a23.p.14aADMINISTRACION PUBLICA14aAUDITORIA ADMINISTRATIVA - COLOMBIA14aCONTRALORIA DE EMPRESAS ESTATALES - COLOMBIA